000 00562 a2200181 4500
005 20250512110613.0
020 _a9781779248930
050 _aK564.Z56
_bMUR 2022
100 _aMurinda,Lazarus
_eauthor
245 _aInformation and Communication Technology Law in Zimbabwe /
_cLazarus Murinda
264 _aZimbabwe,Harare
_bMurinda, Lazarus
_cc.2022
300 _a383 pages ;
336 _2rdacontent
_atext
_btxt
337 _aunmediated
_bn
338 _2rdacarrier
_avolume
_bnc
650 _aInternet...law and legislation
942 _2lcc
_cBK
_h564.Z56
_iMUR
_kK
999 _c10862
_d10862